Nueva sociedad, vieja constitución

Salvato in:
Dettagli Bibliografici
Autore principale: Guzmán Dinator, Jorge (autor)
Natura: Libro
Lingua:spagnolo
Pubblicazione: Santiago Orbe 1964
Soggetti:
Tags: Aggiungi Tag
Nessun Tag, puoi essere il primo ad aggiungerne!!

MARC

LEADER 00000nam a2200000 a 4500
001 UCR4355
003 CL-VaPUC
008 980307e19640000CL |||||||||||||||||spa|d
082 0 4 |a 342.83  |b GUZ  |2 21 
100 |a Guzmán Dinator, Jorge  |e autor  |9 404312 
245 1 0 |a Nueva sociedad, vieja constitución 
300 |a 260 p 
942 |c BK 
945 |d 19980307 00:00:00  |a aolguin 
260 |a Santiago  |b Orbe  |c 1964 
650 0 |a Derecho constitucional   |9 222588 
650 0 |a Constitución política  |9 336925 
650 0 |a Reformas constitucionales   |9 255169 
650 0 |a Derecho a voto  |9 382590 
650 0 |a Derecho electoral  |9 391229 
650 0 |a Elecciones  |9 254997 
650 0 |a Poder político  |9 255509 
650 0 |a Parlamento  |9 338611 
651 7 |a CHILE  |2 CL-VaPUC  |9 404313 
583 |a last modification  |c 19980307 00:00:00  |k Rodrigo Vera 
999 |c 267298  |d 267296 
952 |0 0  |1 0  |4 0  |6 342_830000000000000_GUZ_1964  |7 0  |8 P  |9 299570  |a BIBDER  |b BIBDER  |d 2019-11-20  |i 1953389  |l 4  |o 342.83 GUZ 1964  |p 1953389  |r 2023-01-25  |s 2020-12-03  |w 2019-11-20  |y BK  |k DER